00972cam a2200277 i 45000010008000000030007000080050017000150080041000320200038000730400031001110410013001420420009001550660007001640840020001711000022001912400049002132450142002622460077004042500011004812600059004923000033005515000050005846500018006346500023006527000019006752293118YEEZEN20241230160828.0221230s2023 ch d g 000 0 chi d a9786263296565q(平裝) :cNT$350 aNDHUbchicNDHUdNDHUeccr1 achihjpn anbic c$1 a544.1432ncsclt1 a小林美希e著10a夫に死んでほしい妻たちl中文10a老公怎麼還不去死 :b家事育兒全放棄還要人服侍?! 來自絕望妻子們的深層怒吼 /c小林美希著 ; 陳姵君譯1 a家事育兒全放棄還要人服侍來自絕望妻子們的深層怒吼 a初版 a臺北市 :b臺灣東販股份有限公司, c2023.01 a241面 :b圖表 ;c21公分 a譯自 : 夫に死んでほしい妻たち 7a夫妻2csht. 7a家庭關係2cst.1 a陳姵君e譯